Cơ học ứng dụng Giáo trình cho sinh viên các trường đại học kỹ thuật đã được Hội đồng duyệt sách trường đại học Bách Khoa Hà Nội duyệt

Những kiến thức cơ bản về cơ học ứng dụng. Cơ học vật rắn (Động học, tĩnh học, động lực học). Sức bền vật liệu (các vật lực kéo-nén đúng tâm, xoắn thuần tuý của thanh thẳng, uốn phẳng của thanh thẳng, thanh chịu lực phức tạp)...

Description complète

Enregistré dans:
Détails bibliographiques
Auteur principal: Đỗ Sanh (Biên soạn)
Autres auteurs: Nguyễn Văn Vượng (Tác giả)
Format: Livre
Langue:Vietnamese
Publié: H. Khoa học và Kỹ thuật 2000
Édition:In lần thứ 2, có sửa chữa
Sujets:
Tags: Ajouter un tag
Pas de tags, Soyez le premier à ajouter un tag!
Thư viện lưu trữ: Mạng thư viện Đại học Đà Nẵng
LEADER 01864nam a2200433 4500
001 000008295
003 4481
005 20111014151049.0
008 111014s2000 viesd
020 |c 40000 
041 0 |a vie 
082 |a 620.105  |b ĐÔ-S 
100 0 |a Đỗ Sanh 
245 0 |a Cơ học ứng dụng  |b Giáo trình cho sinh viên các trường đại học kỹ thuật đã được Hội đồng duyệt sách trường đại học Bách Khoa Hà Nội duyệt  |c B.s: Đỗ Sanh (ch.b), Nguyễn Văn Vượng 
250 |a In lần thứ 2, có sửa chữa 
260 |a H.  |b Khoa học và Kỹ thuật  |c 2000 
300 |a 432tr: hình vẽ  |c 19 cm 
500 |a Thư mục: tr. 431-432 
520 |a Những kiến thức cơ bản về cơ học ứng dụng. Cơ học vật rắn (Động học, tĩnh học, động lực học). Sức bền vật liệu (các vật lực kéo-nén đúng tâm, xoắn thuần tuý của thanh thẳng, uốn phẳng của thanh thẳng, thanh chịu lực phức tạp) 
653 |a Cơ học kỹ thuật 
653 |a Sức bền vật liệu 
653 |a Động học 
653 |a Động lực học 
653 |a Giáo trình 
653 |a Cơ học ứng dụng 
653 |a Tĩnh học 
700 |a Nguyễn Văn Vượng  |e Tác giả 
700 |a Đỗ Sanh  |e Biên soạn 
910 |a Thanh  |d 14/10/2011 
OWN |a LSP 
AVA |a UDN50  |b LSP  |d 620.105 ĐÔ-S  |e available  |t Error 5001 Not defined in file expand_doc_bib_avail.  |f 1  |g 0  |h N  |i 0  |k 1 
999 |a From the UDN01 
AVA |a UDN50  |b LSP  |d 620.105 ĐÔ-S  |e available  |t Error 5001 Not defined in file expand_doc_bib_avail.  |f 1  |g 0  |h N  |i 0  |k 1 
TYP |a Monograph 
TYP |a Printed language 
980 |a Mạng thư viện Đại học Đà Nẵng